Los Angeles Lakers Players - Sudden Death - Statistics

General Stats
  • This quiz has been taken 15,507 times
    15,396 since last reset
  • The average score is 13 of 21
Answers on the Grid
Answers color-coded by a green-red scale on the quiz's grid according to % correct below.
Kareem Abdul-Jabbar
Ron Artest
Charles Barkley
Elgin Baylor
Manute Bol
Kobe Bryant
Wilt Chamberlain
Anthony Davis
Vlade Divac
Luka Doncic
Kevin Durant
Patrick Ewing
Derek Fisher
Pau Gasol
Penny Hardaway
James Harden
Robert Horry
Dwight Howard
Kyrie Irving
LeBron James
Magic Johnson
Michael Jordan
Kawhi Leonard
Karl Malone
Lamar Odom
Shaquille O'Neal
Tayshaun Prince
Austin Reaves
Nick Van Exel
Jerry West
Dominique Wilkins
James Worthy
 
Answer Stats
Answer % Correct
1975–1989 Kareem Abdul-Jabbar
93%
1996–2016 Kobe Bryant
87%
2018– LeBron James
78%
1996–2004 Shaquille O'Neal
78%
1979–1991, 1996 Magic Johnson
77%
2025– Luka Doncic
76%
2019–2025 Anthony Davis
71%
2008–2014 Pau Gasol
68%
1960–1974 Jerry West
64%
2021– Austin Reaves
61%
1968–1973 Wilt Chamberlain
61%
2012–2013, 2019–2020,
2021–2022
Dwight Howard
60%
2009–2013, 2015–2017 Ron Artest
58%
1996–2004, 2007–2012 Derek Fisher
56%
2004–2011 Lamar Odom
54%
1982–1994 James Worthy
53%
1958–1971 Elgin Baylor
51%
1997–2003 Robert Horry
48%
1989–1996, 2004–2005 Vlade Divac
43%
2003–2004 Karl Malone
39%
1993–1998 Nick Van Exel
39%
No matching quizzes found
Score Distribution
Percent of People with Each Score
Percentile by Number Answered
Your Score History
You have not taken this quiz since the last reset